| 000 | 01281cam a22003374a 4500 | ||
|---|---|---|---|
| 999 |
_c6535 _d6535 |
||
| 001 | 12799940 | ||
| 003 | OSt | ||
| 005 | 20200130143331.0 | ||
| 008 | 020603s2003 maua b 001 0 eng | ||
| 010 | _a 2002075205 | ||
| 020 | _a0072465638 | ||
| 020 | _a9780071231510 | ||
| 020 | _a0071151109 (ISE) | ||
| 040 |
_aDLC _cDLC _dDLC |
||
| 042 | _apcc | ||
| 050 | 0 | 0 |
_aQA76.9.D3 _bR237 2003 |
| 082 | 0 | 0 |
_a005.74 _221 _bRAM/D |
| 100 |
_aRamakrishnan, Raghu _91412 |
||
| 245 | 1 | 0 |
_aDatabase management systems / _cRaghu Ramakrishnan, Johannes Gehrke. |
| 250 | _a3rd ed. | ||
| 260 |
_aBoston : _bMcGraw-Hill, _cc2003. |
||
| 300 |
_axxxii, 1065 p. : _bill. ; _c25 cm. |
||
| 504 | _aIncludes bibliographical references (p. 1005-1044) and indexes. | ||
| 650 | 0 | _aDatabase management. | |
| 700 | 1 |
_aGehrke, Johannes _91667 |
|
| 856 | 4 | 2 |
_3Publisher description _uhttp://www.loc.gov/catdir/description/mh024/2002075205.html |
| 856 | 4 | 1 |
_3Table of contents _uhttp://www.loc.gov/catdir/toc/mh023/2002075205.html |
| 906 |
_a7 _bcbc _corignew _d1 _eocip _f20 _gy-gencatlg |
||
| 942 |
_2ddc _cBK _h005.74 _iRAM/D _k005.74 _mRAM/D |
||